Water Supply And Sanitary Engineering : Environmental Engineering .-29th .-9789385039201 (Record no. 158756)

MARC details
000 -LEADER
fixed length control field 00418nam a2200133Ia 4500
008 - FIXED-LENGTH DATA ELEMENTS--GENERAL INFORMATION
fixed length control field 230418s9999 xx 000 0 und d
020 ## - INTERNATIONAL STANDARD BOOK NUMBER
International Standard Book Number 9789385039201
041 ## - LANGUAGE CODE
Language code of text/sound track or separate title eng
082 ## - DEWEY DECIMAL CLASSIFICATION NUMBER
Classification number 696RAN
100 ## - MAIN ENTRY--PERSONAL NAME
Personal name Rangwala S C & Rangwala K S
9 (RLIN) 181105
245 ## - TITLE STATEMENT
Title Water Supply And Sanitary Engineering : Environmental Engineering .-29th .-9789385039201
260 ## - PUBLICATION, DISTRIBUTION, ETC. (IMPRINT)
Name of publisher, distributor, etc. Charotar Publishing House, Gujarat
Date of publication, distribution, etc. 2016
300 ## - PHYSICAL DESCRIPTION
Extent 784p
Holdings
Withdrawn status Lost status Damaged status Not for loan Home library Current library Date acquired Vendor Cost, normal purchase price Total Checkouts Full call number Barcode Date last seen Cost, replacement price Bill Date Koha item type Original Barcode
        Dr. Bhanuben Nanavati College of Architecture Dr. Bhanuben Nanavati College of Architecture 22/08/2017 Word Book 280.00   696RAN BNCA-BK-10276 18/04/2023 350.00 10/08/2017 Books B10276